Entry Nombre personal
001 - NÚMERO DE CONTROL
- campo de control: 90784
003 - IDENTIFICADOR DE NÚMERO DE CONTROL
- campo de control: SpMaBN
005 - FECHA Y HORA DE LA ÚLTIMA TRANSACCIÓN
- campo de control: 20231228190149.0
008 - ELEMENTOS DE DATO DE LONGITUD-FIJA
- campo de control de longitud fija: 930326n| aijnnaabn a aaa
016 ## - NÚMERO DE CONTROL DE UNA AGENCIA BIBLIOGRÁFICA NACIONAL
- Número de control del registro: BNE19930962298
024 7# - IDENTIFICADOR DE OTROS ESTÁNDARES
- Número estándar o código: http://viaf.org/viaf/86822402/
- Fuente: viaf
024 7# - IDENTIFICADOR DE OTROS ESTÁNDARES
- Número estándar o código: https://isni.org/isni/0000000059929472
- Fuente: isni
024 7# - IDENTIFICADOR DE OTROS ESTÁNDARES
- Número estándar o código: http://www.wikidata.org/entity/Q15714824
- Fuente: wikidata
040 ## - FUENTE DE CATALOGACIÓN
- Centro catalogador/agencia de origen: SpMaBN
- Lengua de catalogación: spa
- Centro/agencia transcriptor: SpMaBN
- Normas de descripción: rdc
- Convención/Normas de encabezamiento de materia/tesauro: embne
046 ## - FECHAS CON CODIFICACIÓN ESPECIAL
- Fecha de nacimiento: 1897
- Fecha de la muerte: 1983
100 1# - ENCABEZAMIENTO-NOMBRE DE PERSONA
- Nombre de persona: Pérez de la Ossa, Huberto,
- Fechas asociadas al nombre: 1897-1983
370 ## - LUGAR ASOCIADO
- Lugar de nacimiento: Albacete
- Número de control del registro de autoridad o número normalizado: XX450682
- Fuente de información: Wikidata
373 ## - GRUPO ASOCIADO
- Grupo asociado: Ateneo de Madrid
- Fuente de información: Socios de mérito y honor del Ateneo de Madrid (1946-1976)
374 ## - OCUPACIÓN
- Ocupación: Directores de teatro
- Fuente de información: Wikidata
375 ## - GÉNERO/SEXO
- Género: Masculino
- Fuente de información: Wikidata
377 ## - IDIOMA ASOCIADO
- Término de lengua/lenguaje: Español
400 1# - TRAZADO DE VÉASE--NOMBRE DE PERSONA
- Nombre de persona: Pérez de la Ossa, H.,
- Fechas asociadas al nombre: 1897-1983
670 ## - FUENTE DE DATOS ENCONTRADOS
- Cita de la fuente: Roca viva, 1930
- Información encontrada: port. (Huberto Pérez de la Ossa)
670 ## - FUENTE DE DATOS ENCONTRADOS
- Cita de la fuente: La real estimación, 1931
- Información encontrada: port. (H. Pérez de la Ossa)
670 ## - FUENTE DE DATOS ENCONTRADOS
- Cita de la fuente: Dicc. de lit. esp. e hispanoam., 1993
- Información encontrada: (Pérez de la Ossa, Huberto; n. 1897, Albacete, m. 1983, Salamanca; escritor)
678 ## - DATOS BIOGRÁFICOS O HISTÓRICOS
- Datos biográficos o históricos: Socio de mérito del Ateneo n. 11 (1946)
- Ampliación de la nota: Fuente: Socios de mérito y honor del Ateneo de Madrid (1946-1976)
